=LDR 00000nam 2200000 4500 =001 INLIS000000000021564 =005 20130612120419 =008 ***********************************Ind** =035 ##$$0010-061300000021564 =041 ##$$a Ind =082 ##$$a 641.3 =090 ##$$a 641.3, Eis m =100 ##$$a Eisenberg, Arlene =245 ##$$a Makanan apa yang anda butuhkan selama kehamilan, Arlene Eisenberg =260 ##$$a 1999 $b Jakarta =300 ##$$a xiv, 297 hlm, ilus, 15 cm =650 ##$$a Makanan =850 ##$$a NBPNMAT =990 ##$$a 0001/BPAP-NTB/2016